000 01396nam a2200457 i 4500
001 36807
003 KOSZ 005
005 20240405063116.0
008 990929s1999 pl |000 0 pol
015 _aPB 1999/15335
020 _a832191022X
035 _a991011476059705066
035 _a(PL-WaBN)b13121893-48omnis_nlop
035 _ab13121893
035 _a(OCoLC)69370692
035 _a(PL)b0000001312189
035 _a(EXLNZ-48OMNIS_NETWORK)9910493226705606
040 _aWA N
_cWA N
_dKOSZ 005/HR
041 0 _apol
046 _k1999
080 _a347.4/.5:338.482(438)
100 1 _aRaciborski, Jerzy
_eAutor
245 1 0 _aUsługi turystyczne :
_bprzepisy i komentarz /
_cJerzy Raciborski.
260 _aWarszawa :
_bWydaw. Prawnicze,
_c1999.
300 _a294 s. ;
_c21 cm.
380 _aKsiążki
388 _a1901-2000
388 _a1989-2000
648 _a1901-2000
648 _a1989-2000
650 7 _aUsługi turystyczne
_2DBN
650 7 _aTurystyka
650 7 _aPrawo
651 _aPolska
658 _aGospodarka, ekonomia, finanse
658 _aPrawo i wymiar sprawiedliwości
710 2 _aWydawnictwo Prawnicze
_4pbl
856 _uhttp://koha.tu.koszalin.pl/cgi-bin/koha/opac-detail.pl?biblionumber=36807
_yKatalog online BPK
942 _2UKD
_cKS
999 _c36807
_d36807